000 00536nam a2200169 i 4500
001 62289
003 ES-MaACL
005 20230906164636.0
007 t|
008 031119s1969 sp ||||1| spa d
100 1 _aFeininger, Andreas.
_949124
245 1 0 _aArte y técnica en fotografía /
_cpor Andreas Feininger ; traducción Fernando Ruiz Gabás.
260 _aBarcelona :
_bEd. Hispano Europea,
_c[1969]
300 _a360 p. :
_bil. ;
_c26 cm.
700 0 _aRuiz Gabás, Fernando.
_9100807
852 _aES-MaACL
_jC-37385
_bR.71289
999 _c62289
_d62289